01315nab a2200217 i 4500001001000000003001000010005001700020008004100037022001300078040003000091041000800121100002900129245010400158300006400262520050700326650002500833653003800858773017600896942000801072999001701080768714001CO-MdFUSB20240313143928.0220916s2015 -us||||| |||| 00| 0 eng d a16698649 bengcCO-MdFUSBdCO-MdFUSB aeng aDisla, Natanael, eautor aNeo-Pentecostalm masculinities and religion in the public sphere in Latin Americac/ Natanael Disla aVolumen 10, número 1 (2015), páginas: 29 - 46 c; 23 cm aFrente al escenario machista latinoamericano, Disla escribe acerca de las características comunes de la masculinidad en el pentecostalismo tradicional y el nuevo modelo de “hombre” que este ha producido. Luego, explora el neo pentecostalismo y la clase de masculinidad que ha surgido de esta rama de la iglesia. Lo anterior para ayudar al lector a ver los cambios significativos a los que los hombres tienden a someterse en estas similares, pero a la vez diferentes versiones de la fe cristiana. 09142aPentecostalismo aMasculinidad - Neopentecostalismo0 049416981285d Santiago de ChileoR1733tJournal of Latin American Theology :w(CO-MdFUSB)118x1669-8949gVolumen 10, número 1 (2015), páginas: 29 - 46 qpáginas: 29 cANA c68165d68165